| 000 | 01761aam a2200421 4500 | ||
|---|---|---|---|
| 001 | 19404 | ||
| 003 | CO-MdFUSB | ||
| 005 | 20190202100545.0 | ||
| 008 | 170424t1997 enk||||f |||| 00| 0 eng d | ||
| 020 | _a0-232-52200-6 | ||
| 040 |
_aCO-MdFUSB _bspa _cCO-MdFUSB _dCO-MdFUSBC _erda |
||
| 041 | _aeng | ||
| 082 |
_224 _aG 231.74 _bD618d |
||
| 100 | 1 | _aAvis, Paul., (Editor) | |
| 245 | 0 | 0 |
_aDivine revelation _c/ Editado por Paul Avis _b: |
| 264 | 1 |
_aLondon : _bDarton, Longman & Todd, _c℗1997 |
|
| 264 | 4 | _c©1997 | |
| 300 |
_a215 páginas _b: _c; |
||
| 336 |
_2rdacontent _a1 _ba1 |
||
| 337 |
_2rdamedia _a2 _b5 |
||
| 338 |
_2rdacarrier _a2 _b5 |
||
| 505 | 0 | 0 | _aConceptos bíblicos de la revelación divina, James D.G. Dunn - Revelación en la teología de la Iglesia Católica Romana, Gabriel Daly - La revelación divina en la teología protestante moderna, Paul Avis - Revelación y la filosofía, Terence Penelhum - Revelación y teoría crítica, Charles Davis - Revelación y la acción divina, Maurice Wiles - Revelación y religiones del mundo, Gavin D´Costa - Los evangelios como revelación, Leslie Houlden - Revelación en feminista filosofía y teología, Esther Reed - Jesús la revelación de Dios, Richard Bauckham - Revelación reafirmada, William J. Abraham |
| 563 | _aRústico | ||
| 650 | 7 |
_aDios _xEnseñanza bíblica _2 _9323 |
|
| 700 | 1 |
_9458 _aDunn, James D. G. _d1939- |
|
| 720 | _aDaly, Gabriel | ||
| 720 | _aAvis, Paul | ||
| 720 | _aPenelhum, Terence | ||
| 720 | _aDavis, Charles | ||
| 720 | _aWiles, Maurice | ||
| 720 | _aD´Costa, Gavin | ||
| 720 | _aHoulden, Leslie | ||
| 720 | _aReed, Esther | ||
| 720 | _aBauckham, Richard | ||
| 720 | _aAbraham, William J. | ||
| 942 | _cBK | ||
| 999 |
_c45769 _d45769 |
||